000 00504nam a2200181Ia 4500
003 GCL
008 140319s9999 xx 000 0 ara d
040 _aGCL /
_cGCL
082 0 4 _a813.03
_bى ح
100 1 _aيحيى الطاهر عبدالله
245 1 0 _aحكاية الأمير /
_cيحيى الطاهر عبدالله
300 _a120 ص
490 _a
650 0 4 _aالادب العربى
650 0 4 _aالقصص القصيرة
650 0 4 _aالقصة العربية
942 _2ddc
_cBK
999 _c40191
_d40191